LEADER 01091nam0 22003011i 450 001 UON00401892 005 20231205104700.518 010 $a978-88-955384-3-3 100 $a20111205d2010 |0itac50 ba 101 $aita 102 $aIT 105 $a|||| 1|||| 200 1 $aLudwig$fDavid Albahari$gTraduzione di Alice Parmeggiani 210 $aRovereto: Zandonai$d2010 215 $a125 p.$d20 cm. 620 $dRovereto$3UONL001535 676 $a891.82$cLetteratura serbo-croata$v21 700 1$aALBAHARI$bDavid$3UONV142638$0688068 702 1$aPARMEGGIANI$bAlice$3UONV061663 712 $aZandonai$3UONV274787$4650 790 1$aALBACHARI, David$zALBAHARI, David$3UONV194605 790 0$aPARMEGGIANI DRI, Alice$zPARMEGGIANI, Alice$3UONV244482 801 $aIT$bSOL$c20250620$gRICA 899 $aSIBA - SISTEMA BIBLIOTECARIO DI ATENEO$2UONSI 912 $aUON00401892 950 $aSIBA - SISTEMA BIBLIOTECARIO DI ATENEO$dSI CROATO B 0093 $eSI EO 48270 5 0093 996 $aLudwig$91348324 997 $aUNIOR